000 00508nam a22001937a 4500
003 OSt
005 20230313125227.0
008 230313b |||||||| |||| 00| 0 eng d
020 _a9781439836187
040 _aSEKU.
050 _aTK 5981
_b.K52 2013.
100 _aKleiner, Mendel
245 _aElectroacoustics.
260 _aNew York:
_bTaylor and Francis Group.
_c2013.
300 _a596p.:,
504 _aincludes bibliographic details and index.
650 _zElectro-acoustics
942 _2lcc
_cGEN
999 _c18284
_d18284